[Event "4NCL Spring GM Round Robin"]
[Site "The Milestone Peterborough Hotel"]
[Date "2024.03.26"]
[Round "7"]
[Board "2"]
[White "Harvey, Marcus R"]
[Black "Chow, Samuel"]
[Result "1/2-1/2"]
[WhiteElo "2468"]
[BlackElo "2356"]
[PlyCount "0"]
[EventDate "2024.03.23"]
[EventRounds "9"]
[EventCountry "ENG"]

1. c4 g6 2. e4 e5 3. d4 Nf6 4. f3 exd4 5. Qxd4 Nc6 6. Qf2 Bg7 7. Nc3 d6 8. Nge2 O-O
9. Nf4 Nd7 10. Be2 Nb4 11. Kd1 Nc5 12. g4 Bd7 13. Be3 Na4 14. Kd2 c5 15. a3 Nxc3
16. bxc3 Nc6 17. Nd5 Be6 18. Rhb1 Na5 19. Ra2 Bxd5 20. cxd5 g5 21. h4 h6 22. hxg5
hxg5 23. Qh2 Qf6 24. Rc2 Qg6 25. Qh5 Bf6 26. e5 Bxe5 27. Qxg5 Kg7 28. Rf1 Rh8 29.
Kd1 Rh3 30. Bd3 Qxg5 31. Bxg5 Rah8 32. Re2 Bxc3 33. Kc2 Bd4 34. Bf4 Rh1 35. Rfe1
Rxe1 36. Rxe1 Rh3 37. Be2 Be5 38. Bxe5+ dxe5 39. Kd3 f5 40. Ke3 Kf6 41. gxf5 Nb3
42. Rb1 Nd4 43. Rxb7 Nxf5+ 44. Kf2 Rh2+ 45. Ke1 Nd4 46. Bd1 e4 47. fxe4 Ke5 48. Rc7
Kxe4 49. d6 Rh1+ 50. Kd2 Rh6 51. d7 Rd6 52. Kc1 Nf3 53. Rxa7 Ne5 54. Ba4 Kd3 55.
Ra8 Nxd7 56. Rd8 Kc3 57. Bxd7 c4 58. a4 Rd5 59. a5  1/2-1/2

[Event "4NCL Spring GM Round Robin"]
[Site "The Milestone Peterborough Hotel"]
[Date "2024.03.26"]
[Round "7"]
[Board "4"]
[White "Agdelen, Hueseyin Can"]
[Black "Makkar, Rajat"]
[Result "1/2-1/2"]
[WhiteElo "2408"]
[BlackElo "2434"]
[PlyCount "0"]
[EventDate "2024.03.23"]
[EventRounds "9"]
[EventCountry "ENG"]

1. e4 e5 2. Nf3 Nc6 3. Bb5 a6 4. Bxc6 dxc6 5. O-O Bg4 6. h3 Bh5 7. g4 Bg6 8. Nxe5
Ne7 9. d3 h5 10. Bf4 hxg4 11. hxg4 f6 12. Nc4 Qd7 13. Nc3 Bf7 14. Kg2 O-O-O 15. Ne3
Be6 16. Bg3 g6 17. Qf3 f5 18. Rh1 fxg4 19. Qf6 Rh3 20. Qe5 Ng8 21. Na4 Qf7 22. Qf4
Qxf4 23. Bxf4 Be7 24. Nc3 Rf8 25. Ne2 Nf6 26. Bh6 Rh8 27. Bg7 Rxh1 28. Rxh1 Rxh1
29. Kxh1 Nh5 30. Be5 Bd6 31. Bxd6 cxd6 32. a3 b5 33. Kg2 Kd8 34. f3 gxf3+ 35. Kxf3
Ke7 36. Nf4 Nxf4 37. Kxf4 Kf6 38. Nf1 g5+ 39. Ke3 d5 40. Ng3 a5 41. b4 a4 42. Kd4
dxe4 43. Nxe4+ Kf5 44. c4 Kf4 45. Nxg5 Kxg5 46. Kc5 Bd7 47. d4 Be8 48. d5 bxc4 49.
Kxc4 Bf7 50. b5 Bxd5+ 51. Kc5 cxb5 52. Kxb5 Bb3 53. Kb4 Kf4 54. Kc3 Ke3 55. Kb2 Kd2
56. Ka1 Kc1  1/2-1/2

[Event "4NCL Spring GM Round Robin"]
[Site "The Milestone Peterborough Hotel"]
[Date "2024.03.27"]
[Round "8"]
[Board "1"]
[White "Gumularz, Szymon"]
[Black "Royal, Shreyas"]
[Result "1-0"]
[WhiteElo "2590"]
[BlackElo "2457"]
[PlyCount "0"]
[EventDate "2024.03.23"]
[EventRounds "9"]
[EventCountry "ENG"]

1. Nf3 d5 2. g3 Nd7 3. d4 Nb6 4. Nbd2 Bf5 5. Nh4 Bg4 6. h3 Bh5 7. Ng2 e6 8. Nf4 Bg6
9. Bg2 Nf6 10. Nxg6 hxg6 11. e4 dxe4 12. Nxe4 Nxe4 13. Bxe4 c6 14. c3 Bd6 15. Qe2
Qc7 16. Bd2 O-O-O 17. a4 Nd7 18. a5 a6 19. Bg2 e5 20. O-O Rde8 21. d5 cxd5 22. c4
e4 23. cxd5 Kb8 24. Rac1 Qd8 25. b4 f5 26. b5 Nc5 27. bxa6 Nxa6 28. Rb1 Ka8 29. Rxb7
Kxb7 30. Qb5+ Ka7 31. Be3+ Bc5 32. Bxc5+ Nxc5 33. Qxc5+ Ka8 34. Qc6+ Ka7 35. Rb1
Re7 36. d6 Rd7 37. Bf1 Qc8 38. Qb6+ Ka8 39. Bb5  1-0

[Event "4NCL Spring GM Round Robin"]
[Site "The Milestone Peterborough Hotel"]
[Date "2024.03.27"]
[Round "8"]
[Board "2"]
[White "Makkar, Rajat"]
[Black "Wadsworth, Matthew J"]
[Result "1-0"]
[WhiteElo "2434"]
[BlackElo "2450"]
[PlyCount "0"]
[EventDate "2024.03.23"]
[EventRounds "9"]
[EventCountry "ENG"]

1. c4 c6 2. Nf3 d5 3. g3 g6 4. Bg2 Bg7 5. O-O Nf6 6. b3 Ne4 7. d4 O-O 8. Bb2 a5 9.
Nc3 Nxc3 10. Bxc3 b5 11. Ne5 Be6 12. cxb5 cxb5 13. Qd2 Qb6 14. Rac1 b4 15. Bb2 a4
16. e4 a3 17. Ba1 Ra5 18. exd5 Rxd5 19. Nc4 Qb5 20. Bxd5 Bxd5 21. Ne3 Ba8 22. Rc4
Nc6 23. d5 Bxa1 24. dxc6 Bc3 25. Qd7 e6 26. Rd1 Qh5 27. Ng4 Kg7 28. Qc7 Qf5 29. Rf4
Qc2 30. Rd7 Bf6 31. Ne5 Qc1+ 32. Kg2 Bxe5 33. Rdxf7+ Rxf7 34. Qxf7+ Kh6 35. Qf8+
Kg5 36. h4+ Kh5 37. g4+ Kxh4 38. Qh6#  1-0

[Event "4NCL Spring GM Round Robin"]
[Site "The Milestone Peterborough Hotel"]
[Date "2024.03.27"]
[Round "8"]
[Board "3"]
[White "Kalavannan, Koby"]
[Black "Agdelen, Hueseyin Can"]
[Result "0-1"]
[WhiteElo "2324"]
[BlackElo "2408"]
[PlyCount "0"]
[EventDate "2024.03.23"]
[EventRounds "9"]
[EventCountry "ENG"]

1. d4 Nf6 2. Nf3 d5 3. c4 e6 4. g3 dxc4 5. Bg2 a6 6. O-O Nc6 7. Re1 Rb8 8. e4 b5
9. Bg5 Be7 10. Nc3 h6 11. e5 hxg5 12. exf6 Bxf6 13. Nd5 Ne7 14. Nxf6+ gxf6 15. h4
Bb7 16. hxg5 fxg5 17. Nxg5 Bxg2 18. Kxg2 Qd5+ 19. Nf3 Ng6 20. Re3 Qf5 21. Ng1 Rh2+
22. Kxh2 Qxf2+ 23. Kh3 Qxe3 24. Nf3 Ke7 25. Qf1 Rg8 26. Rd1 Nf4+ 27. Kh2 Ne2 28.
Re1 Nxg3 29. Qg2 Qf4 30. Kg1 Rg4 31. Ne5 Qxd4+ 32. Kh2 Rh4+ 33. Kxg3 Qf4#  0-1

[Event "4NCL Spring GM Round Robin"]
[Site "The Milestone Peterborough Hotel"]
[Date "2024.03.27"]
[Round "9"]
[Board "1"]
[White "Harvey, Marcus R"]
[Black "Gumularz, Szymon"]
[Result "1/2-1/2"]
[WhiteElo "2468"]
[BlackElo "2590"]
[PlyCount "0"]
[EventDate "2024.03.23"]
[EventRounds "9"]
[EventCountry "ENG"]

1. c4 e5 2. g3 c6 3. Nf3 e4 4. Nd4 d5 5. cxd5 Qxd5 6. Nc2 Nf6 7. Nc3 Qe5 8. Ne3 Bc5
9. Qc2 O-O 10. Bg2 Re8 11. b3 Na6 12. a3 Bxe3 13. dxe3 Bf5 14. b4 Qe6 15. Qa2 Qd7
16. O-O Bh3 17. Rd1 Qf5 18. Qd2 Nc7 19. Qe1 Bxg2 20. Kxg2 Ne6 21. h3 h5 22. Bb2 a5
23. Rab1 axb4 24. axb4 Red8 25. Qf1 Ng5 26. h4 Ne6 27. f3 Qg6 28. Ra1 Nc7 29. Nxe4
Nxe4 30. fxe4 Qxe4+ 31. Qf3 Qxf3+ 32. Kxf3 Rxd1 33. Rxd1 Ne6 34. Rd7 b5 35. Rd6 Rc8
36. Be5 Kf8 37. Rd7 Ke8 38. Ra7 Rd8 39. Ra6 Rd5 40. Ke4 Kd7 41. Ra7+ Ke8 42. Ra8+
Kd7 43. Ra7+ Ke8 44. Bd4 g6 45. Bf6 Rd2 46. Ke5 Rd5+ 47. Ke4 Rd2 48. Ra3 Rxe2 49.
Ke5 Rd2 50. e4 Kd7 51. Ra7+ Nc7 52. Be7 Kxe7 53. Rxc7+ Kf8 54. Rxc6 Rb2 55. Kf6 Rf2+
56. Ke5 Rb2 57. Kf6 Rf2+ 58. Ke5  1/2-1/2

[Event "4NCL Spring GM Round Robin"]
[Site "The Milestone Peterborough Hotel"]
[Date "2024.03.27"]
[Round "9"]
[Board "3"]
[White "Agdelen, Hueseyin Can"]
[Black "Chow, Samuel"]
[Result "1/2-1/2"]
[WhiteElo "2408"]
[BlackElo "2356"]
[PlyCount "0"]
[EventDate "2024.03.23"]
[EventRounds "9"]
[EventCountry "ENG"]

1. e4 e6 2. d4 d5 3. Nc3 Nf6 4. e5 Nfd7 5. f4 c5 6. Nf3 Nc6 7. Be3 a6 8. Ne2 Qb6
9. Qc1 Be7 10. g3 O-O 11. c3 cxd4 12. Nexd4 Nxd4 13. Bxd4 Bc5 14. Bd3 f5 15. Qd2
Bxd4 16. Nxd4 Nb8 17. O-O-O Nc6 18. Bc2 Nxd4 19. Qxd4 Qxd4 20. Rxd4 b5 21. Kd2 Bb7
22. a4 Bc6 23. Ra1 Rfb8 24. axb5 axb5 25. Rxa8 Rxa8 26. Ke3 Ra2 27. Rd2 d4+ 28. cxd4
Bd5 29. Bd1 b4 30. Bf3 Bb3 31. d5 exd5 32. Kd4 Ra5 33. Rd3 Bc4 34. Re3 Ra2 35. e6
Kf8 36. e7+ Ke8 37. b3 Rd2+ 38. Kc5 Bd3 39. Bxd5 Be4 40. Bxe4 fxe4 41. Rxe4 Rxh2
42. Kd6 Rh6+ 43. Re6 Rh3 44. Re3 h5 45. Ke6 Rh1 46. Kf5 Rc1 47. Re4 Rc3 48. Rxb4
Rxg3 49. Rb7 h4 50. b4 h3 51. b5 h2 52. Rb8+ Kxe7 53. Rh8 Rg2 54. b6 Kf7 55. b7 Rb2
56. Rxh2 Rxb7  1/2-1/2